000 00706nam a22002297a 4500
005 20170124110003.0
010 _aB-017694
020 _c200.00
035 _aB-017694
037 _bCen Lib/Ret
040 _aDPL
_bEN
082 _a364.015
_bDIW
100 _aDiwan, Paras
_92410
245 _aFamily law :
_cby Paras Diwan [and] Peeyushi Diwan
_bhinduism, muslim, christians, parsis and jews /
260 _aFaridabad
_bAllahabad Law Agency
_c2000
270 _bFaridabad
_a16/2, mathura road, plot -33
300 _avarious pagings
_c23cm(Hb)
650 _aLaw
_9104
650 _aFamily law
_916313
700 _aDiwan, Peeyushi
_97230
942 _2ddc
_cEN
_h364.015
_mDIW
999 _c126016
_d126016